<?xml version="1.0" encoding="UTF-8"?>
<marc:record xmlns:marc="http://www.loc.gov/MARC21/slim">
   <marc:leader>00000nam a2200000 a 4500</marc:leader>
   <marc:datafield ind1="1" ind2=" " tag="100">
      <marc:subfield code="a">Weiss, Claudia</marc:subfield>
      <marc:subfield code="4">aut</marc:subfield>
      <marc:subfield code="e">Verfasser/-in</marc:subfield>
   </marc:datafield>
   <marc:datafield ind1=" " ind2=" " tag="653">
      <marc:subfield code="a">Geschichte 1547-1917</marc:subfield>
   </marc:datafield>
   <marc:datafield ind1=" " ind2=" " tag="653">
      <marc:subfield code="a">Zar</marc:subfield>
   </marc:datafield>
   <marc:datafield ind1=" " ind2=" " tag="653">
      <marc:subfield code="a">Wissen Sachbuch</marc:subfield>
   </marc:datafield>
   <marc:datafield ind1="0" ind2="0" tag="245">
      <marc:subfield code="a">Das Reich der Zaren</marc:subfield>
   </marc:datafield>
   <marc:datafield ind1="0" ind2="0" tag="245">
      <marc:subfield code="b">Aufstieg, Glanz und Untergang</marc:subfield>
   </marc:datafield>
   <marc:datafield ind1="0" ind2="0" tag="245">
      <marc:subfield code="c">Claudia Weiss</marc:subfield>
   </marc:datafield>
   <marc:datafield ind1=" " ind2="1" tag="264">
      <marc:subfield code="a">Stuttgart</marc:subfield>
      <marc:subfield code="b">Theiss</marc:subfield>
      <marc:subfield code="c">2011</marc:subfield>
   </marc:datafield>
   <marc:datafield ind1="1" ind2=" " tag="520">
      <marc:subfield code="a">Angaben aus der Verlagsmeldung

Das Zarenreich : Aufstieg, Glanz und Untergang / von Claudia Weiss

Russlands Aufstieg zur Großmacht

Über neun Zeitzonen und zwei Kontinente erstreckt sich heute ein Land, dessen Herrscher die Weltgeschichte über Jahrhunderte prägten: von Ivan dem Schrecklichen bis zur brutalen Ermordung
der letzten Romanows.

Zarin Katharina alias Sophia von Anhalt-Zerbst erhielt als einzige Herrscherin der Geschichte den Beinamen ≫die Große≪. Unter der Regentschaft der temperamentvollen deutschen Fürstentochter erlebte das Zarenreich seine Glanzzeit. Dabei war sie nur eine von vielen bemerkenswerten Persönlichkeiten auf dem Thron. Schon der Ruf des ersten Zaren, Ivans des Schrecklichen, drang bis an die westeuropäischen Hofe. Er war eine zwiespältige Figur, jähzornig, rachsüchtig und doch verletzlich und sensibel. Seine Nachfolger bauten über Jahrhunderte die Macht des Reiches immer weiter aus.
Alle Zaren regierten im ständigen Spannungsfeld zwischen Reformen, ohne die der Staat nicht überleben konnte, und der Tradition, in der ihre Herrschaft verankert war – eine Belastung, der das Reich jahrhundertelang standhielt. Erst 1918 endete mit dem Massaker an den Romanows endgültig die Ara der Zaren.
</marc:subfield>
   </marc:datafield>
   <marc:datafield ind1=" " ind2=" " tag="020">
      <marc:subfield code="a">9783806222678</marc:subfield>
      <marc:subfield code="9">9783806222678</marc:subfield>
   </marc:datafield>
   <marc:datafield ind1=" " ind2=" " tag="041">
      <marc:subfield code="a">ger</marc:subfield>
   </marc:datafield>
   <marc:datafield ind1=" " ind2=" " tag="300">
      <marc:subfield code="a">175 S.</marc:subfield>
   </marc:datafield>
</marc:record>
